व्यास-कथा / (Record no. 20230)
[ view plain ]
| 000 -LEADER | |
|---|---|
| fixed length control field | 03775nam a22004577a 4500 |
| 005 - DATE AND TIME OF LATEST TRANSACTION | |
| control field | 2008122303423.0 |
| 008 - FIXED-LENGTH DATA ELEMENTS--GENERAL INFORMATION | |
| fixed length control field | 081223t xxu||||| |||| 00| 0 hin d |
| 010 ## - LCCN (DPL NO) | |
| LC control number | HIN-86269 |
| 020 ## - INTERNATIONAL STANDARD BOOK NUMBER | |
| International Standard Book Number | 9788181438171 |
| Terms of availability | 350.00 |
| 035 ## - SYSTEM CONTROL NUMBER | |
| System control number | HN-58615 |
| 035 ## - SYSTEM CONTROL NUMBER | |
| System control number | B-351848-858 |
| 037 ## - SOURCE OF ACQUISITION | |
| Source of stock number/acquisition | DBAD / PUB |
| 037 ## - SOURCE OF ACQUISITION | |
| Source of stock number/acquisition | वाणी प्रकाशन |
| 040 ## - CATALOGING SOURCE | |
| Original cataloging agency | DPL |
| Language of cataloging | HN |
| 082 ## - DEWEY DECIMAL CLASSIFICATION NUMBER | |
| Classification number | 230.2 |
| 100 ## - MAIN ENTRY--PERSONAL NAME | |
| Personal name | निगम, शोभा |
| 245 ## - TITLE STATEMENT | |
| Title | व्यास-कथा / |
| Statement of responsibility, etc | शोभा निगम |
| 246 ## - VARYING FORM OF TITLE | |
| Title proper/short title | Vyaasa-Kathaa |
| Remainder of title | by Shobha Nigam |
| 260 ## - PUBLICATION, DISTRIBUTION, ETC. (IMPRINT) | |
| Place of publication, distribution, etc | नयी दिल्ली |
| Name of publisher, distributor, etc | वाणी प्रकाशन |
| Date of publication, distribution, etc | 2008 |
| 270 ## - ADDRESS | |
| Address | 21-ए, दरियागंज |
| City | नयी दिल्ली |
| Postal code | 110002 |
| 300 ## - PHYSICAL DESCRIPTION | |
| Extent | 287पृ. |
| Dimensions | 22सेमी (सजिल्द) |
| 500 ## - GENERAL NOTE | |
| General note | महाभारत पर आधारित रम्य रचना |
| 650 ## - SUBJECT ADDED ENTRY--TOPICAL TERM | |
| Topical term or geographic name as entry element | महाभारत |
| General subdivision | पात्र |
| 650 ## - SUBJECT ADDED ENTRY--TOPICAL TERM | |
| Topical term or geographic name as entry element | Mahabharata |
| General subdivision | Characters |
| 650 ## - SUBJECT ADDED ENTRY--TOPICAL TERM | |
| Topical term or geographic name as entry element | हिन्दू पौराणिक कथा |
| 650 ## - SUBJECT ADDED ENTRY--TOPICAL TERM | |
| Topical term or geographic name as entry element | Hindu mythology |
| 942 ## - ADDED ENTRY ELEMENTS (KOHA) | |
| Source of classification or shelving scheme | Dewey Decimal Classification |
| Item type | Hindi Books |
| Call number suffix | निगम |
| Classification part | 230.2 |
| Withdrawn status | Lost status | Source of classification or shelving scheme | Damaged status | Not for loan | Collection code | Home library | Current library | Date acquired | Source of acquisition | Cost, normal purchase price | Total Checkouts | Full call number | Barcode | Date last seen | Copy number | Cost, replacement price | Koha item type | Total Renewals |
|---|---|---|---|---|---|---|---|---|---|---|---|---|---|---|---|---|---|---|
| Dewey Decimal Classification | Non-fiction | Central Library | Central Library | 12/03/2010 | 60/16.7.09/83/11.7.09/29.7.29 | 350.00 | 4 | 230.2 निगम | B-351848 | 18/10/2024 | 1 | 350.00 | Hindi Books | 3 | ||||
| Dewey Decimal Classification | Not For Loan | Non-fiction | D.B.Act.Division | D.B.Act.Division | 25/03/2009 | DBAD / PUB | 350.00 | 230.2 निगम | HN-58615 | 25/03/2009 | 1 | 350.00 | Hindi Books | |||||
| Withdrawn | Dewey Decimal Classification | Non-fiction | Janak Puri | Janak Puri | 12/03/2010 | 60/16.7.09/83/11.7.09/29.7.29 | 350.00 | 18 | 230.2 निगम | B-351853 | 08/11/2012 | 1 | 350.00 | Hindi Books | 2 | |||
| Written-off vide DLB M. No. 383 dt 16.05.19 | Dewey Decimal Classification | Non-fiction | Karol Bagh | Karol Bagh | 12/03/2010 | 60/16.7.09/83/11.7.09/29.7.29 | 350.00 | 230.2 निगम | B-351856 | 12/03/2010 | 1 | 350.00 | Hindi Books | |||||
| Dewey Decimal Classification | Non-fiction | Mobile Library | Mobile Library | 12/03/2010 | 60/16.7.09/83/11.7.09/29.7.29 | 350.00 | 230.2 निगम | B-351849 | 12/03/2010 | 2 | 350.00 | Hindi Books | ||||||
| Dewey Decimal Classification | Non-fiction | Mobile Library | Mobile Library | 12/03/2010 | 60/16.7.09/83/11.7.09/29.7.29 | 350.00 | 230.2 निगम | B-351850 | 12/03/2010 | 2 | 350.00 | Hindi Books | ||||||
| Written-off vide DLB M. No. 383 dt 16.05.19 | Dewey Decimal Classification | Non-fiction | New Police Line | New Police Line | 12/03/2010 | 60/16.7.09/83/11.7.09/29.7.29 | 350.00 | 230.2 निगम | B-351851 | 12/03/2010 | 1 | 350.00 | Hindi Books | |||||
| Dewey Decimal Classification | Non-fiction | New Rohtak Road | New Rohtak Road | 12/03/2010 | 60/16.7.09/83/11.7.09/29.7.29 | 350.00 | 230.2 निगम | B-351857 | 12/03/2010 | 1 | 350.00 | Hindi Books | ||||||
| Written-off vide DLB M. No. 383 dt 16.05.19 | Dewey Decimal Classification | Non-fiction | Patel Nagar | Patel Nagar | 12/03/2010 | 60/16.7.09/83/11.7.09/29.7.29 | 350.00 | 230.2 निगम | B-351852 | 12/03/2010 | 1 | 350.00 | Hindi Books | |||||
| Dewey Decimal Classification | Non-fiction | Sarojini Nagar | Sarojini Nagar | 12/03/2010 | 60/16.7.09/83/11.7.09/29.7.29 | 350.00 | 230.2 निगम | B-351854 | 12/03/2010 | 1 | 350.00 | Hindi Books | ||||||
| Dewey Decimal Classification | Non-fiction | Shahdara Branch | Shahdara Branch | 12/03/2010 | 60/16.7.09/83/11.7.09/29.7.29 | 350.00 | 6 | 230.2 निगम | B-351858 | 06/09/2022 | 1 | 350.00 | Hindi Books | 1 | ||||
| Dewey Decimal Classification | Non-fiction | Vinoba Puri | Vinoba Puri | 12/03/2010 | 60/16.7.09/83/11.7.09/29.7.29 | 350.00 | 13 | 230.2 निगम | B-351855 | 08/08/2018 | 1 | 350.00 | Hindi Books | 3 |
